Design (Record no. 11010)
[ view plain ]
| 000 -CABECERA | |
|---|---|
| campo de control de longitud fija | 00863nam a22002417a 4500 |
| 001 - NÚMERO DE CONTROL | |
| campo de control | BRCA_9388 |
| 003 - IDENTIFICADOR DEL NÚMERO DE CONTROL | |
| campo de control | FranzMayer |
| 005 - FECHA Y HORA DE LA ÚLTIMA TRANSACCIÓN | |
| campo de control | 20230918124459.0 |
| 008 - DATOS DE LONGITUD FIJA--INFORMACIÓN GENERAL | |
| campo de control de longitud fija | 230901b |||||||| |||| 00| 0 eng d |
| 020 ## - NÚMERO INTERNACIONAL ESTÁNDAR DEL LIBRO | |
| Número Internacional Estándar del Libro | 0812097726 |
| 040 ## - FUENTE DE LA CATALOGACIÓN | |
| Centro catalogador/agencia de origen | MFM |
| Lengua de catalogación | ESPAÑOL |
| Centro/agencia transcriptor | MFM |
| 050 #0 - SIGNATURA TOPOGRÁFICA DE LA BIBLIOTECA DEL CONGRESO | |
| Número de clasificación | NK1452 |
| Número de documento/Ítem | H38 1996 |
| 100 1# - ENTRADA PRINCIPAL--NOMBRE DE PERSONA | |
| Código de función/relación | Autor |
| Nombre de persona | Hauffe, Thomas |
| 9 (RLIN) | 29472 |
| 240 ## - TÍTULO UNIFORME | |
| Título uniforme | Design |
| Medio | An illustrated historical overview |
| Lenguaje de la obra | Inglés |
| 245 0# - MENCIÓN DE TÍTULO | |
| Título | Design |
| Resto del título | An illustrated historical overview |
| 260 ## - PUBLICACIÓN, DISTRIBUCIÓN, ETC. | |
| Lugar de publicación, distribución, etc. | Italia |
| Nombre del editor, distribuidor, etc. | Barrons |
| Fecha de publicación, distribución, etc. | 1996 |
| 300 ## - DESCRIPCIÓN FÍSICA | |
| Extensión | 192 p |
| Otras características físicas | Ilustraciones a color |
| Dimensiones | 20 cm |
| 500 ## - NOTA GENERAL | |
| Nota general | Anexo 1 |
| 500 ## - NOTA GENERAL | |
| Nota general | Incluye una dedicatoria en la primer página |
| 505 ## - NOTA DE CONTENIDO CON FORMATO | |
| Nota de contenido con formato | Texto en: inglésIncluye índice temáticoIncluye bibliografíaDirigido a: artistas, historiadores del arte y diseñadores |
| 650 1# - PUNTO DE ACCESO ADICIONAL DE MATERIA--TÉRMINO DE MATERIA | |
| Fuente del encabezamiento o término | Artes visuales |
| Término de materia o nombre geográfico como elemento de entrada | Diseño |
| Subdivisión de forma | Historia del diseño |
| 9 (RLIN) | 29473 |
| 942 ## - ELEMENTOS DE PUNTO DE ACCESO ADICIONAL (KOHA) | |
| Fuente del sistema de clasificación o colocación | Library of Congress Classification |
| Tipo de ítem Koha | Libros |
| Estado de retiro | Estado de pérdida | Fuente del sistema de clasificación o colocación | Estado dañado | No para préstamo | Código de colección | Localización permanente | Ubicación/localización actual | Fecha de adquisición | Total de préstamos | Signatura topográfica completa | Código de barras | Fecha visto por última vez | Precio válido a partir de | Tipo de ítem Koha |
|---|---|---|---|---|---|---|---|---|---|---|---|---|---|---|
| El ejemplar forma parte de la colección y puede ser consultado según las políticas vigentes. | Library of Congress Classification | Fondo Contemporáneo | Biblioteca del Museo Franz Mayer (Rogerio Casas-Alatriste) | Biblioteca del Museo Franz Mayer (Rogerio Casas-Alatriste) | 01/09/2023 | NK1452 H38 1996 | CONT10156 | 01/09/2023 | 01/09/2023 | Libros |